Регионална библиотека "Любен Каравелов" - Русе

Данъчна система на България (Запис номер 117989)

MARC детайли
000 -Лидер
Контролно поле с фиксирана дължина 01935nam a2200373 c 4500
003 - Код на организацията, давaща контролен номер
Контролно поле BLK
005 - Дата и час на последна редакция
Контролно поле 20180422110510.0
008 - Елементи от данни с фиксирана дължина
fixed length control field 180409b bul|||||r ||||||| ||bul||
010 ## - Наследен системен номер
LC control number KNG00123590000
020 ## - Международен стандартен номер на книга ISBN
Международен стандартен номер на книга ISBN 978-954-91265-4-9
-- издат.: Фонд. Институт по междунар. право
040 ## - Източник на каталожния запис
Идентификатор на билиотеката - собственик на записа BLK
041 ## - Код за език
Код за езика на текст/звукозапис или на отделно заглавие Български
Код за езика КДБФ Български
072 #7 - Код за тематичната категория
Код организация bullib
Код за тематична категория Н34
Текст Право Н
080 ## - УДК
Текстов определител УДК Финансово право. Търговско дело. Митническо право. Данъчно право. Инвестиционни фондове. Борси, търговски посредници, банково дело, кредит, закупуване и др.
УДК код - определител по УДК 347.73
УДК определител (497.2)
УДК - код + определител 347.73(497.2)
100 1# - Редна дума - Автор
Автор Гешев, Стоян Делчев
Авторска отговорност първи автор
R(LIN) 365615
139 ## - Редно поле
Редна дума Гешев, Стоян Делчев и др.
Авторски знак Геш - Г 45
245 10 - Сведения за заглавието
Заглавие Данъчна система на България
Редно поле (дума) Стоян Делчев Гешев; съавт. Иван Георгиев Стоянов.
257 ## - Страна на издаване
Страна на създаване/издаване България
260 ## - Област на издателските данни
-- София
Име на издателя, разпространителя и проч. Фонд. Институт по междунар. право
Година на издаване 2010
Печатница София : Скала
300 ## - Физическа характеристика
Страници 320 с.
Илюстрации и др. с ил.
Размери/Мащаб 22 см
380 ## - Жанр
Жанр Обществени науки
500 ## - Общи забележки
Забележка Рез. на англ. ез. - Съдържа и Списък на споготбите за избягване на двойното данъчно облагане на доходи и имущества, по които страна е България.
650 #4 - Допълнително описание по предмет – тема
Основно описание – тема или топоним Данъчно право - България
9 (RLIN) 254026
651 #4 - Допълнително описание по предмет - топоним
Географско понятие България
9 (RLIN) 241624
653 ## - Ключова дума – ненормативна
Ключова дума данъчно право
653 ## - Ключова дума – ненормативна
Ключова дума България
659 ## - Тематичен бюлетин
Тематичен бюлетин Н
700 1# - Други автори (авторска отговорност)
Лично име Стоянов, Иван Георгиев
Автороска отговорност (Описва отношението между автора и произведението) съавт.
9 (RLIN) 376571
852 ## - Местоположение
Форматна сигнатура Цб 251950
856 4# - Електронен адрес и достъп
Електронен формат pdf - файл
Път до файла /url/
856 4# - Електронен адрес и достъп
Електронен формат pdf - файл
Път до файла /url/
942 ## - АРТИКУЛИ
Вид на библиотечния материал Книги
Скрит в OPAC Не
944 ## - СЪЗДАВАНЕ И РЕДАКЦИЯ на ЗАПИСА
Създаване/Редакция Създаване
Дата на регистрацията/редакция 16.06.2011
Статус, дата на статуса ф /
Служител, извършил регистрацията/редакцията Людмила_Стоянова
944 ## - СЪЗДАВАНЕ И РЕДАКЦИЯ на ЗАПИСА
Създаване/Редакция Редакция
Дата на регистрацията/редакция 17.06.2014
Статус, дата на статуса ф /
Служител, извършил регистрацията/редакцията
999 ## - СИСТЕМНИ КОНТРОЛНИ НОМЕРА
Koha biblionumber 117989
Koha biblioitemnumber 117989
Наличности
Код за отписване Код за изгубен артикул Код за повреда Коз за рестрикции Код за отдаване Артикулен № Име на библиотеката - собственик Име на библиотеката, в която се намира в момента Статус (Текущо местоположение) Дата на вписване в системата Местоположение - отдел Цена в лева Инвентарен номер Систематично азбучна сигнатура Баркод Номер на екземпляра Цена в евро Служебна бележка Служебен тип на артикула
  Не е изгубен Не е повреден без рестрикции ползва се в читалня 190220 Регионална библиотека "Любен Каравелов" Русе Регионална библиотека "Любен Каравелов" Русе Хранилище 2011-06-16 Хранилище 19.50 120000751168 Цб 251950 120000751168 1 9.97 Дост: Dp Вид: Д N: 2 Дата: 10.01.2011 Книги
  Не е изгубен Не е повреден без рестрикции ползва се в читалня 190221 Регионална библиотека "Любен Каравелов" Русе Регионална библиотека "Любен Каравелов" Русе Читалня 2014-01-17 Читалня 19.50 120000773549 Ч 347/Г 45 120000773549 2 9.97 Дост: DA Вид: А N: 2 Дата: 17.01.2014 Дата инв: 14.03.2017 Бележки инв: Ч2017 Книги
Vip Innovations Ltd, Rousse, Bulgaria 2025